[Event "GER-ch U12"]
[Site "Willingen"]
[Date "2001.06.04"]
[Round "3"]
[White "Terwitte, Jakob"]
[Black "Gordonov, Daniil"]
[Result "0-1"]
[WhiteElo "1100"]
[BlackElo "1416"]
[PlyCount "92"]
[EventDate "2001.06.03"]
[EventType "swiss"]
[EventRounds "11"]
[EventCountry "GER"]
[SourceTitle "EXT 2003"]
[Source "ChessBase"]
[SourceDate "2002.11.25"]
[SourceVersion "1"]
[SourceVersionDate "2002.11.25"]
[SourceQuality "1"]

1. e4 e5 2. Nf3 Nc6 3. Bb5 a6 4. Ba4 d6 5. c3 Bd7 6. 0-0 Nf6 7. Qe2 Be7 8. Bc2 0-0 9. d4 Bg4 10. d5 Na7 11. Re1 Bd7 12. Nbd2 c5 13. Nf1 Ne8 14. Ng3 Bg4 15. h3 Bd7 16. Qd3 b6 17. Nf5 Bf6 18. g4 g6 19. Nh6+ Kg7 20. Qe3 Kh8 21. Kg2 Qc8 22. Ng5 Bg7 23. Ngxf7+ Rxf7 24. Nxf7+ Kg8 25. Qf3 Rb8 26. Nh6+ Kh8 27. Qf7 Nf6 28. b4 Rb7 29. Qe7 Nb5 30. Nf7+ Kg8 31. Nxd6 Nxd6 32. Qxe5 Nfxe4 33. Qf4 Bxc3 34. Be3 Qe8 35. f3 Nf6 36. Bd4 Bxe1 37. Qxf6 Qe2+ 38. Kg1 Bb5 39. Qh8+ Kf7 40. Qg7+ Ke8 41. Qe5+ Re7 42. Qxd6 Qf1+ 43. Kh2 Re2+ 44. Bf2 Rxf2+ 45. Kg3 Rxf3+ 46. Kh2 Rxh3# 0-1